[Event "DSM WK M 2015"]
[Site "Karlsruhe GER"]
[Date "2015.05.09"]
[Round "5"]
[White "Pitschmann, Lea"]
[Black "Linder, Tabea"]
[Result "0-1"]
[Termination "normal"]
[Board "7.4"]
[WhiteElo "800"]
[BlackElo "800"]
[WhiteTeam "Warndt-Gymnasium Völklingen"]
[BlackTeam "Goethe-Gymnasium Karlsruhe"]
[PlyCount "154"]
[EventCountry "GER"]
[EventRounds "7"]
[EventType "team-swiss"]
[EventDate "2015.05.07"]

1. e4 e5 2. Nf3 Nc6 3. Nc3 Bc5 4. Bc4 Nf6 5. d3 O-O 6. Be3 d6 7. O-O Bd7 8.
Bxc5 dxc5 9. Qd2 Nd4 10. a4 Nxf3+ 11. gxf3 Qe7 12. f4 Qd6 13. f5 Qd4 14. Rfe1
Rad8 15. Ne2 Qd6 16. b3 Rfe8 17. Qe3 Bc6 18. Bb5 Qd4 19. Nxd4 cxd4 20. Qg3 Nh5
21. Qg5 Nf4 22. Kh1 h6 23. Qg4 a6 24. Rg1 g5 25. Bxc6 bxc6 26. h4 f6 27. hxg5
fxg5 28. c3 Re7 29. c4 Rg7 30. Qg3 Rb8 31. f3 Rxb3 32. Ra2 Rxd3 33. Rh2 Kh7 34.
Rb1 Rc3 35. Rb8 Rc1+ 36. Qg1 Rxg1+ 37. Kxg1 Rd7 38. Rf8 d3 39. Kf1 d2 40. Rxd2
Rxd2 41. f6 Ne6 42. Re8 Rd6 43. f4 gxf4 44. Kg2 Kg6 45. c5 Kf7 46. cxd6 Kxe8
47. Kf3 c5 48. Kg4 c4 49. Kf5 Nd4+ 50. Kg6 c3 51. f7+ Kf8 52. d7 Nc6 53. Kf6 c2
54. Ke6 c1=Q 55. d8=Q+ Nxd8+ 56. Kf6 Qc6+ 57. Kxe5 Nxf7+ 58. Kxf4 Qe6 59. Ke3
Ng5 60. a5 Nxe4 61. Kd3 Nc5+ 62. Kd4 Nb7 63. Kd3 Qe5 64. Kc4 Nxa5+ 65. Kb4 Qd5
66. Kc3 Qe4 67. Kd2 Qf3 68. Ke1 Qg2 69. Kd1 Ke7 70. Ke1 Ke6 71. Kd1 Ke5 72. Ke1
Ke4 73. Kd1 Ke3 74. Kc1 Qd2+ 75. Kb1 Kd3 76. Ka1 Kc3 77. Kb1 Qb2# 0-1

[Event "DSM WK M 2015"]
[Site "Karlsruhe GER"]
[Date "2015.05.09"]
[Round "5"]
[White "Marquard, Chantal"]
[Black "Hiller, Samira"]
[Result "0-1"]
[Termination "normal"]
[Board "8.1"]
[WhiteElo "800"]
[BlackElo "959"]
[WhiteTeam "Oberschule Adolph Diesterweg Hennigsdorf"]
[BlackTeam "Martin-Andersen-Nexö-Gymnasium Dresden"]
[PlyCount "84"]
[EventCountry "GER"]
[EventRounds "7"]
[EventType "team-swiss"]
[EventDate "2015.05.07"]

1. e4 e5 2. Nc3 Nf6 3. Bc4 Bc5 4. d3 h6 5. Nf3 Nc6 6. a3 d6 7. O-O Bg4 8. h3
Bxf3 9. Qxf3 Nd4 10. Qd1 O-O 11. Na4 b6 12. Be3 Qd7 13. b3 b5 14. Nb2 bxc4 15.
Nxc4 Rab8 16. b4 Bb6 17. c3 Nc6 18. d4 exd4 19. cxd4 Nxe4 20. f3 Ng3 21. Re1
Nf5 22. Bf2 Bxd4 23. Qd2 Bxa1 24. Rxa1 Rfe8 25. g4 Nfe7 26. Qd3 Ng6 27. Rd1
Nce5 28. Qc3 Nxc4 29. Qxc4 c6 30. h4 d5 31. Qc3 Qd6 32. g5 Nf4 33. Bxa7 Ne2+
34. Kf2 Nxc3 35. gxh6 Nxd1+ 36. Kf1 Qh2 37. h5 Qe2+ 38. Kg1 Qe1+ 39. Kg2 Re2+
40. Kh3 f5 41. Bxb8 Qh1+ 42. Kg3 Qh2# 0-1

[Event "DSM WK M 2015"]
[Site "Karlsruhe GER"]
[Date "2015.05.09"]
[Round "5"]
[White "Gramova, Tania"]
[Black "Nemitz, Rebekka"]
[Result "1-0"]
[Termination "normal"]
[Board "8.2"]
[WhiteElo "822"]
[BlackElo "825"]
[WhiteTeam "Martin-Andersen-Nexö-Gymnasium Dresden"]
[BlackTeam "Oberschule Adolph Diesterweg Hennigsdorf"]
[PlyCount "107"]
[EventCountry "GER"]
[EventRounds "7"]
[EventType "team-swiss"]
[EventDate "2015.05.07"]

1. e4 e5 2. Nf3 Nc6 3. Bc4 Nf6 4. Nc3 Bc5 5. O-O d6 6. h3 Be6 7. Bxe6 fxe6 8.
d3 O-O 9. Bg5 Qd7 10. a3 d5 11. b4 Be7 12. b5 d4 13. bxc6 Qxc6 14. Ne2 Qd6 15.
Bxf6 Bxf6 16. c3 c5 17. cxd4 exd4 18. e5 Bxe5 19. Nxe5 Qxe5 20. Ng3 Rac8 21.
Rc1 b5 22. Qe1 Qd6 23. Ne4 Qd5 24. Qa5 c4 25. Nd2 c3 26. Ne4 c2 27. Qxa7 e5 28.
Rfe1 Qb3 29. Nc5 Rxc5 30. Qxc5 Qxd3 31. Qxe5 Qd2 32. Qe2 Qc3 33. Qxc2 Qxc2 34.
Rxc2 d3 35. Rd2 Rd8 36. Red1 Rd4 37. Rxd3 Ra4 38. Rb3 Ra5 39. Rd5 Kf7 40. Rdxb5
Rxb5 41. Rxb5 Ke6 42. a4 Kd6 43. a5 Kc6 44. Rb1 Kd5 45. a6 Ke4 46. a7 g5 47.
a8=Q+ Kf4 48. Qf3+ Ke5 49. Rb5+ Kd4 50. Qd5+ Kc3 51. Rb3+ Kc2 52. Qc4+ Kd2 53.
Qd3+ Kc1 54. Rb1# 1-0

[Event "DSM WK M 2015"]
[Site "Karlsruhe GER"]
[Date "2015.05.09"]
[Round "5"]
[White "Uhn, Jeannine"]
[Black "Weber, Alexandra"]
[Result "0-1"]
[Termination "normal"]
[Board "8.3"]
[WhiteElo "800"]
[BlackElo "843"]
[WhiteTeam "Oberschule Adolph Diesterweg Hennigsdorf"]
[BlackTeam "Martin-Andersen-Nexö-Gymnasium Dresden"]
[PlyCount "140"]
[EventCountry "GER"]
[EventRounds "7"]
[EventType "team-swiss"]
[EventDate "2015.05.07"]

1. e4 e5 2. Nf3 Nc6 3. Nc3 Nf6 4. Bc4 Bc5 5. d3 d6 6. Be3 Bxe3 7. fxe3 Bg4 8.
h3 Bh5 9. g4 Bg6 10. d4 exd4 11. exd4 Nxe4 12. Nxe4 Bxe4 13. Rf1 Nb4 14. Rb1
Bxc2 15. Qe2+ Qe7 16. Rd1 Qxe2+ 17. Bxe2 Bxd1 18. Kxd1 O-O 19. a3 Nd5 20. Kd2
Nf4 21. Bc4 d5 22. Ba2 Rfe8 23. Ne5 Nxh3 24. b4 a5 25. Kc3 Ng5 26. Bxd5 axb4+
27. Kxb4 Ra6 28. Bxb7 Rb6+ 29. Kc5 Rxb7 30. Kc6 Ra7 31. Ra1 Ne6 32. Nc4 Nxd4+
33. Kd5 Rd8+ 34. Kc5 Nb3+ 35. Kc6 Nxa1 36. Kc5 Nb3+ 37. Kc6 Nd4+ 38. Kc5 Ra6
39. g5 c6 40. Kb4 Rd5 41. a4 c5+ 42. Kc3 Rxa4 43. Nb6 Ra3+ 44. Kc4 Rf5 45. Nd5
Ra4+ 46. Kd3 Kf8 47. Ne3 Rf4 48. Nd5 Ra3+ 49. Kc4 Ne6+ 50. Nxf4 Nxf4 51. Kxc5
Ke7 52. Kd4 Ra5 53. Ke4 Ng2 54. Kd4 Kd6 55. Ke4 Rxg5 56. Kf3 Ke5 57. Ke2 Ke4
58. Kd2 Rc5 59. Ke2 Rc2+ 60. Kf1 Kf3 61. Kg1 Kg3 62. Kf1 Ne3+ 63. Ke1 Ng2+ 64.
Kf1 Kf3 65. Kg1 Rc1+ 66. Kh2 g5 67. Kh3 g4+ 68. Kh2 Rc2 69. Kg1 g3 70. Kh1 Rc1#
0-1

[Event "DSM WK M 2015"]
[Site "Karlsruhe GER"]
[Date "2015.05.09"]
[Round "5"]
[White "Hutschenreiter, Pia"]
[Black "Goepel, Jessica"]
[Result "1-0"]
[Termination "normal"]
[Board "8.4"]
[WhiteElo "800"]
[BlackElo "800"]
[WhiteTeam "Martin-Andersen-Nexö-Gymnasium Dresden"]
[BlackTeam "Oberschule Adolph Diesterweg Hennigsdorf"]
[PlyCount "57"]
[EventCountry "GER"]
[EventRounds "7"]
[EventType "team-swiss"]
[EventDate "2015.05.07"]

1. e4 d5 2. exd5 Nf6 3. Nc3 Nbd7 4. Bb5 a6 5. Ba4 e5 6. Nf3 Bc5 7. Qe2 O-O 8.
O-O Ng4 9. d3 Nxh2 10. Nxh2 b6 11. Nf3 e4 12. dxe4 Bb7 13. Bg5 Qc8 14. Nh2 a5
15. Bc6 Ne5 16. Na4 Bd4 17. Bf4 Ng6 18. Bg3 Qb8 19. c3 Bf6 20. b4 Qc8 21. bxa5
bxa5 22. Nc5 h6 23. Bxb7 Qd8 24. Bxa8 Qxa8 25. e5 Nxe5 26. Bxe5 Bg5 27. Bd4
Qxd5 28. Qe5 Qc6 29. Qxg7# 1-0

[Event "DSM WK M 2015"]
[Site "Karlsruhe GER"]
[Date "2015.05.09"]
[Round "5"]
[White "Meyer, Jessica"]
[Black "Hobrecht, Marei"]
[Result "1-0"]
[Termination "normal"]
[Board "9.2"]
[WhiteElo "1040"]
[BlackElo "800"]
[WhiteTeam "Veit-Ludwig-von-Seckendorff-Gymnasium Meuselwitz"]
[BlackTeam "Oberschule Am Barkhof Bremen"]
[PlyCount "125"]
[WhiteFideId "16230019"]
[EventCountry "GER"]
[EventRounds "7"]
[EventType "team-swiss"]
[EventDate "2015.05.07"]

1. e4 e5 2. Nf3 Nc6 3. d4 d6 4. dxe5 dxe5 5. Qxd8+ Kxd8 6. Nc3 Nf6 7. Bc4 Be6
8. Bd3 Nb4 9. Be3 Nxd3+ 10. cxd3 Ng4 11. Bd2 Bc5 12. O-O Nxf2 13. Rxf2 Bxf2+
14. Kxf2 b6 15. Nxe5 f6 16. Nf3 Kc8 17. Bf4 Kb7 18. Nd4 g5 19. Bg3 Bd7 20. Ncb5
c6 21. Nd6+ Kb8 22. Nf7+ Kb7 23. Nxh8 Rxh8 24. Rc1 c5 25. Nb3 Rc8 26. h4 gxh4
27. Bxh4 Rf8 28. d4 f5 29. e5 Kc6 30. dxc5 Kd5 31. cxb6 axb6 32. Bf6 Ke6 33.
Nd4+ Kd5 34. Rd1 Ba4 35. b3 Be8 36. Nxf5+ Ke6 37. Ng7+ Kf7 38. Nxe8 Rxe8 39. a4
h6 40. b4 Ra8 41. Ra1 h5 42. a5 Rb8 43. a6 Rc8 44. a7 Rc2+ 45. Kg1 Rc8 46. a8=Q
Rxa8 47. Rxa8 b5 48. Kf2 h4 49. Bxh4 Ke6 50. Rd8 Kxe5 51. Kg3 Kf5 52. Re8 Kg6
53. Rf8 Kh6 54. Rg8 Kh7 55. Rg4 Kh6 56. Kf4 Kh5 57. Be1 Kh6 58. Rg3 Kh5 59. Rg8
Kh6 60. Kf5 Kh7 61. Rg3 Kh6 62. Bd2+ Kh5 63. Rh3# 1-0

[Event "DSM WK M 2015"]
[Site "Karlsruhe GER"]
[Date "2015.05.09"]
[Round "5"]
[White "Matern, Alexa"]
[Black "Wilmar, Anna"]
[Result "0-1"]
[Termination "normal"]
[Board "9.3"]
[WhiteElo "800"]
[BlackElo "800"]
[WhiteTeam "Oberschule Am Barkhof Bremen"]
[BlackTeam "Veit-Ludwig-von-Seckendorff-Gymnasium Meuselwitz"]
[PlyCount "92"]
[EventCountry "GER"]
[EventRounds "7"]
[EventType "team-swiss"]
[EventDate "2015.05.07"]

1. e4 e5 2. Nf3 Nc6 3. Nc3 Bc5 4. Bc4 Nf6 5. d3 O-O 6. Bg5 d6 7. O-O h6 8. Bxf6
Qxf6 9. Nd5 Qd8 10. h3 Be6 11. a3 Nd4 12. b3 c6 13. Ne3 b5 14. b4 Bb6 15. Bb3
Qf6 16. Re1 Qg6 17. Kf1 a5 18. bxa5 Bxa5 19. c3 Nxb3 20. Rb1 Nc5 21. Re2 Bxc3
22. Rc2 Rxa3 23. Rcc1 Bd4 24. Rc2 Bb3 25. Qc1 Bxc2 26. Nxc2 Rxd3 27. Nce1 Rc3
28. Qd1 Qxe4 29. Rb4 Nd3 30. Nxd3 Qxd3+ 31. Ke1 Qxd1+ 32. Kxd1 Bxf2 33. Kd2 Rc4
34. Rb3 e4 35. Ne1 e3+ 36. Ke2 b4 37. Rb2 Rc1 38. Nd3 Ra1 39. Rc2 c5 40. Kf3 b3
41. Rb2 c4 42. Ke4 c3 43. Rxb3 c2 44. Rc3 e2 45. Rxc2 e1=Q+ 46. Nxe1 Rxe1+ {...
} 0-1

[Event "DSM WK M 2015"]
[Site "Karlsruhe GER"]
[Date "2015.05.09"]
[Round "6"]
[White "Krein, Jana"]
[Black "Kublanov, Carolin"]
[Result "1-0"]
[Termination "normal"]
[Board "1.1"]
[WhiteElo "1576"]
[BlackElo "1408"]
[WhiteTeam "Auguste-Viktoria-Gymnasium Trier"]
[BlackTeam "Humboldt-Gymnasium Düsseldorf"]
[PlyCount "69"]
[WhiteFideId "12937762"]
[BlackFideId "12944548"]
[EventCountry "GER"]
[EventRounds "7"]
[EventType "team-swiss"]
[EventDate "2015.05.07"]

1. e4 e5 2. Nf3 Nc6 3. Bb5 Bc5 4. c3 Nf6 5. O-O Nxe4 6. Qe2 Nxf2 7. d4 Nh3+ 8.
gxh3 Bb6 9. Bxc6 dxc6 10. Qxe5+ Kf8 11. Ng5 f6 12. Ne6+ Bxe6 13. Qxe6 c5 14.
dxc5 Bxc5+ 15. Be3 Bd6 16. Nd2 c6 17. Rae1 Qc7 18. Rf2 Re8 19. Qf5 Bxh2+ 20.
Rxh2 Qg3+ 21. Kf1 Qxh2 22. Bc5+ Kf7 23. Qd7+ Kg6 24. Rxe8 Qf4+ 25. Ke1 Rxe8+
26. Qxe8+ Kh6 27. Be3 Qxe3+ 28. Qxe3+ g5 29. Nf3 a5 30. Kf2 b5 31. h4 Kh5 32.
hxg5 f5 33. g6 Kg4 34. Qg5+ Kh3 35. Qh4# 1-0

[Event "DSM WK M 2015"]
[Site "Karlsruhe GER"]
[Date "2015.05.09"]
[Round "6"]
[White "Kublanov, Elizabeth"]
[Black "Bach, Kira"]
[Result "0-1"]
[Termination "normal"]
[Board "1.2"]
[WhiteElo "1523"]
[BlackElo "1536"]
[WhiteTeam "Humboldt-Gymnasium Düsseldorf"]
[BlackTeam "Auguste-Viktoria-Gymnasium Trier"]
[PlyCount "114"]
[WhiteFideId "12944564"]
[BlackFideId "12907677"]
[EventCountry "GER"]
[EventRounds "7"]
[EventType "team-swiss"]
[EventDate "2015.05.07"]

1. d4 d5 2. c4 c6 3. Nc3 Nf6 4. Bg5 Nbd7 5. e3 e6 6. cxd5 cxd5 7. Bb5 a6 8. Qa4
Be7 9. Nf3 O-O 10. Bd3 h6 11. Bh4 Nh5 12. Bxe7 Qxe7 13. O-O Nhf6 14. e4 dxe4
15. Nxe4 e5 16. dxe5 Nxe5 17. Nxe5 Qxe5 18. Nxf6+ Qxf6 19. b3 Bf5 20. Bxf5 Qxf5
21. Qh4 Rfe8 22. Rfe1 Qc2 23. Qa4 Re2 24. Rxe2 Qxe2 25. h3 Rd8 26. Qg4 Qxg4 27.
hxg4 Rd2 28. a3 a5 29. Re1 Rb2 30. Re3 f6 31. f4 Kf7 32. Kh2 Kg6 33. Kh3 h5 34.
gxh5+ Kxh5 35. g4+ Kg6 36. Kh4 Kh6 37. Rh3 g5+ 38. Kg3+ Kg6 39. f5+ Kg7 40. Kf3
Rxb3+ 41. Kg2 Rxh3 42. Kxh3 b5 43. Kg2 b4 44. axb4 axb4 45. Kf2 b3 46. Ke2 b2
47. Kd2 b1=Q 48. Kc3 Qe1+ 49. Kd3 Qg3+ 50. Ke2 Kf7 51. Kf1 Qh2 52. Ke1 Ke7 53.
Kf1 Kd6 54. Ke1 Ke5 55. Kd1 Kd4 56. Ke1 Ke3 57. Kf1 Qf2# 0-1

[Event "DSM WK M 2015"]
[Site "Karlsruhe GER"]
[Date "2015.05.09"]
[Round "6"]
[White "Kim, Yu-Mi"]
[Black "Berelowitsch, Dana"]
[Result "1-0"]
[Termination "normal"]
[Board "1.3"]
[WhiteElo "1304"]
[BlackElo "1473"]
[WhiteTeam "Auguste-Viktoria-Gymnasium Trier"]
[BlackTeam "Humboldt-Gymnasium Düsseldorf"]
[PlyCount "89"]
[WhiteFideId "12955361"]
[BlackFideId "12977144"]
[EventCountry "GER"]
[EventRounds "7"]
[EventType "team-swiss"]
[EventDate "2015.05.07"]

1. e4 e5 2. Nf3 Nf6 3. Nc3 Nc6 4. Bc4 Bc5 5. d3 h6 6. O-O d6 7. h3 O-O 8. Be3
Bxe3 9. fxe3 Qe7 10. Nd5 Nxd5 11. Bxd5 Be6 12. Bxc6 bxc6 13. Qe1 Rab8 14. b3
Rbe8 15. Qg3 Bd7 16. c4 Qe6 17. Rad1 Kh8 18. Qh4 Qg6 19. Kh2 Re6 20. Qg3 Qxg3+
21. Kxg3 Rg6+ 22. Kh2 Kh7 23. Rd2 Rf6 24. Rdf2 Re8 25. Nh4 Rxf2 26. Rxf2 f6 27.
Nf5 g6 28. Ng3 Rf8 29. Ne2 h5 30. g3 {(=)} Kh6 31. h4 g5 32. hxg5+ Kxg5 33. d4
Kg4 34. Ng1 f5 35. Kg2 f4 36. gxf4 exf4 37. Nh3 f3+ 38. Kh2 Kh4 39. Nf4 Kg4 40.
Rf1 Be8 41. Rg1+ Kh4 42. Rg3 Bf7 43. Rxf3 Kg5 44. Ne6+ Kg4 45. Rf4# 1-0

[Event "DSM WK M 2015"]
[Site "Karlsruhe GER"]
[Date "2015.05.09"]
[Round "6"]
[White "Zhuk, Margarita"]
[Black "Mertes, Kathrin"]
[Result "0-1"]
[Termination "normal"]
[Board "1.4"]
[WhiteElo "800"]
[BlackElo "1225"]
[WhiteTeam "Humboldt-Gymnasium Düsseldorf"]
[BlackTeam "Auguste-Viktoria-Gymnasium Trier"]
[PlyCount "110"]
[EventCountry "GER"]
[EventRounds "7"]
[EventType "team-swiss"]
[EventDate "2015.05.07"]

1. e4 e5 2. Nf3 Nc6 3. Bb5 a6 4. Ba4 b5 5. Bb3 Bc5 6. c3 Nf6 7. d4 exd4 8. cxd4
Bb4+ 9. Nbd2 Nxe4 10. O-O Nxd2 11. Bxd2 Bxd2 12. Qxd2 O-O 13. Rfe1 h6 14. Rac1
Re8 15. d5 Rxe1+ 16. Qxe1 Ne7 17. Qe4 Bb7 18. Rd1 Qe8 19. Ne5 Ng6 20. Re1 Nxe5
21. Bc2 g6 22. Qxe5 Qxe5 23. Rxe5 d6 24. Re7 Bxd5 25. Rxc7 Bxa2 26. b3 Re8 27.
g3 Re1+ 28. Kg2 Bb1 29. Bxb1 Rxb1 30. Rc6 Rxb3 31. Rxa6 d5 32. Rd6 Rd3 33. Rb6
Rb3 34. Rd6 Rc3 35. Rxd5 b4 36. Rb5 b3 37. Kf1 Rc1+ 38. Ke2 Rc2+ 39. Ke3 b2 40.
Rxb2 Rxb2 41. Kf3 Kg7 42. h4 Kf6 43. Kg4 Rxf2 44. Kh3 g5 45. h5 Kf5 46. g4+ Ke4
47. Kg3 Ke3 48. Kh3 f5 49. Kg3 f4+ 50. Kh3 f3 51. Kg3 Ra2 52. Kh3 f2 53. Kg3
Rb2 54. Kh3 f1=Q+ 55. Kg3 Qg2# 0-1

[Event "DSM WK M 2015"]
[Site "Karlsruhe GER"]
[Date "2015.05.09"]
[Round "6"]
[White "Kümmel, Tina"]
[Black "Riegel, Arinna"]
[Result "1/2-1/2"]
[Termination "normal"]
[Board "2.1"]
[WhiteElo "1381"]
[BlackElo "1640"]
[WhiteTeam "Ludwigsgymnasium Köthen"]
[BlackTeam "Deutschorden-Gymnasium Bad Mergentheim"]
[PlyCount "64"]
[WhiteFideId "12979368"]
[BlackFideId "12931446"]
[EventCountry "GER"]
[EventRounds "7"]
[EventType "team-swiss"]
[EventDate "2015.05.07"]

1. Nf3 Nc6 2. g3 e5 3. d3 d5 4. Bg2 Nf6 5. O-O Be7 6. Nbd2 Bf5 7. Re1 O-O 8. c3
Qd7 9. Qc2 Rad8 10. e4 dxe4 11. dxe4 Bh3 12. Nc4 Bxg2 13. Kxg2 Qe6 14. Ne3 Bc5
15. Bd2 Rd7 16. Rad1 Rfd8 17. b3 h6 18. Nc4 Rd3 19. Nb2 R3d7 20. Nc4 a6 21. Nb2
b5 22. c4 Ba3 23. cxb5 Bxb2 24. Qxb2 axb5 25. Qc2 Nd4 26. Nxd4 Rxd4 27. f3 Qd7
28. Re2 Rd3 29. Rf2 c5 30. Qxc5 Qe8 31. Kf1 R8d6 32. Ke1 Rd8 1/2-1/2

[Event "DSM WK M 2015"]
[Site "Karlsruhe GER"]
[Date "2015.05.09"]
[Round "6"]
[White "Brunkardt, Elena"]
[Black "Wesselly, Luisa"]
[Result "1/2-1/2"]
[Termination "normal"]
[Board "2.2"]
[WhiteElo "1474"]
[BlackElo "1032"]
[WhiteTeam "Deutschorden-Gymnasium Bad Mergentheim"]
[BlackTeam "Ludwigsgymnasium Köthen"]
[PlyCount "63"]
[WhiteFideId "16208838"]
[BlackFideId "16217187"]
[EventCountry "GER"]
[EventRounds "7"]
[EventType "team-swiss"]
[EventDate "2015.05.07"]

1. e4 e5 2. Nf3 Nc6 3. Bc4 Bc5 4. Nc3 d6 5. h3 Nf6 6. d3 O-O 7. Bg5 Be6 8. Bb3
Bb4 9. O-O Bxc3 10. bxc3 Qe7 11. d4 Na5 12. dxe5 dxe5 13. Nxe5 Bxb3 14. Bxf6
Qxf6 15. axb3 Qxe5 16. Qd5 Qxd5 17. exd5 b6 18. Rfe1 Rfd8 19. c4 Nb7 20. Re7
Rdc8 21. g4 g5 22. Kg2 Kg7 23. Rae1 Nd6 24. Rd7 Re8 25. Re3 Rac8 26. Kf3 b5 27.
c5 Rxe3+ 28. fxe3 Ne8 29. e4 Kg6 30. b4 Nf6 31. Re7 a6 32. c6 1/2-1/2

[Event "DSM WK M 2015"]
[Site "Karlsruhe GER"]
[Date "2015.05.09"]
[Round "6"]
[White "Buchheim, Luise"]
[Black "Youness, Fatima"]
[Result "0-1"]
[Termination "normal"]
[Board "2.3"]
[WhiteElo "1112"]
[BlackElo "1369"]
[WhiteTeam "Ludwigsgymnasium Köthen"]
[BlackTeam "Deutschorden-Gymnasium Bad Mergentheim"]
[PlyCount "56"]
[WhiteFideId "16217179"]
[BlackFideId "16214404"]
[EventCountry "GER"]
[EventRounds "7"]
[EventType "team-swiss"]
[EventDate "2015.05.07"]

1. e4 e5 2. Nf3 Nc6 3. Bb5 d6 4. Bxc6+ bxc6 5. Nc3 Nf6 6. d3 Be7 7. O-O O-O 8.
Ne1 d5 9. Qf3 d4 10. Nb1 g6 11. c3 c5 12. h3 Nh5 13. Kh2 f5 14. Nd2 Bb7 15. Qe2
Bd6 16. f3 f4 17. c4 Ng3 18. Qf2 Nxf1+ 19. Qxf1 a5 20. a4 Qh4 21. b3 h5 22. Qg1
Qg3+ 23. Kh1 g5 24. Qh2 Qxe1+ 25. Qg1 Qxg1+ 26. Kxg1 g4 27. Kf2 gxh3 28. gxh3
Kh7 0-1

[Event "DSM WK M 2015"]
[Site "Karlsruhe GER"]
[Date "2015.05.09"]
[Round "6"]
[White "Weiß, Nadine"]
[Black "Buhle, Jasmin"]
[Result "1-0"]
[Termination "normal"]
[Board "2.4"]
[WhiteElo "1061"]
[BlackElo "960"]
[WhiteTeam "Deutschorden-Gymnasium Bad Mergentheim"]
[BlackTeam "Ludwigsgymnasium Köthen"]
[PlyCount "101"]
[BlackFideId "16217195"]
[EventCountry "GER"]
[EventRounds "7"]
[EventType "team-swiss"]
[EventDate "2015.05.07"]

1. Nf3 Nc6 2. g3 Nf6 3. d3 e5 4. Bg2 Bc5 5. c3 d6 6. Nbd2 O-O 7. O-O Bg4 8. Qc2
Qd7 9. e4 Bh3 10. a4 a6 11. b4 Ba7 12. b5 axb5 13. axb5 Ne7 14. Qb3 Bxg2 15.
Kxg2 Bb6 16. Rxa8 Rxa8 17. Ng5 Rf8 18. Nc4 Nc8 19. Nxb6 Nxb6 20. Be3 h6 21. Nf3
Ra8 22. c4 Rb8 23. c5 dxc5 24. Nxe5 Qe6 25. Qxe6 fxe6 26. Bxc5 Nbd7 27. Nxd7
Nxd7 28. Rc1 Nxc5 29. Rxc5 Kf7 30. Rxc7+ Ke8 31. Rxg7 Kd8 32. h4 h5 33. g4 hxg4
34. Rg8+ Kc7 35. Rxb8 Kxb8 36. h5 Kc8 37. h6 Kc7 38. h7 Kb6 39. h8=Q Kxb5 40.
Qc3 Kb6 41. d4 Kb5 42. d5 exd5 43. exd5 Kb6 44. d6 Kb5 45. d7 Kb6 46. d8=R Kb5
47. Rd1 Kb6 48. Rb1+ Ka7 49. Qc7 Ka6 50. Qxb7+ Ka5 51. Qa8# 1-0

[Event "DSM WK M 2015"]
[Site "Karlsruhe GER"]
[Date "2015.05.09"]
[Round "6"]
[White "Kail, Sindy"]
[Black "Leinemann, Vivien Sophie"]
[Result "1/2-1/2"]
[Termination "normal"]
[Board "3.1"]
[WhiteElo "1528"]
[BlackElo "1425"]
[WhiteTeam "Maria-Ward-Schule Aschaffenburg"]
[BlackTeam "Charlotte-Paulsen-Gymnasium Hamburg"]
[PlyCount "57"]
[WhiteFideId "12988502"]
[BlackFideId "16208536"]
[EventCountry "GER"]
[EventRounds "7"]
[EventType "team-swiss"]
[EventDate "2015.05.07"]

1. e4 e6 2. d4 d5 3. Nd2 Nf6 4. e5 Nfd7 5. Bd3 c5 6. c3 Nc6 7. Ne2 Be7 8. O-O
O-O 9. f4 f6 10. exf6 Bxf6 11. Nf3 cxd4 12. Nexd4 Nxd4 13. cxd4 Qb6 14. Kh1 Nb8
15. Qc2 g6 16. Be3 Nc6 17. Qf2 Bd7 18. Ne5 Qc7 19. Qg3 Nxe5 20. fxe5 Bg7 21. h3
Rxf1+ 22. Rxf1 Rf8 23. Rxf8+ Bxf8 24. Qh4 Bc6 25. Qf6 Qe7 26. g4 Qxf6 27. exf6
Kf7 28. g5 Bd6 29. Kg1 1/2-1/2

[Event "DSM WK M 2015"]
[Site "Karlsruhe GER"]
[Date "2015.05.09"]
[Round "6"]
[White "G., Diana"]
[Black "Damrich, Alina"]
[Result "1-0"]
[Termination "normal"]
[Board "3.2"]
[WhiteElo "1162"]
[BlackElo "1470"]
[WhiteTeam "Charlotte-Paulsen-Gymnasium Hamburg"]
[BlackTeam "Maria-Ward-Schule Aschaffenburg"]
[PlyCount "81"]
[WhiteFideId "12964700"]
[BlackFideId "12964603"]
[EventCountry "GER"]
[EventRounds "7"]
[EventType "team-swiss"]
[EventDate "2015.05.07"]

1. e4 e5 2. Nf3 Nc6 3. Nc3 Nf6 4. Bb5 a6 5. Bxc6 dxc6 6. Nxe5 Qe7 7. d4 c5 8.
Bf4 b5 9. O-O b4 10. Na4 Nxe4 11. Re1 Qf6 12. Rxe4 Be7 13. Nxc5 O-O 14. Ncd7
Qf5 15. Qe2 Bb7 16. Re3 Qxf4 17. Nxf8 Bxf8 18. Nd7 Qxd4 19. Nxf8 Rxf8 20. Re1
Qd5 21. f3 Qc5 22. Kf1 Bc6 23. Re5 Qb6 24. Qe3 Bb5+ 25. Kf2 Qg6 26. Qe4 Qb6+
27. Kg3 Qd6 28. Qf4 Qg6+ 29. Qg4 Qd6 30. h4 f6 31. Qe6+ Qxe6 32. Rxe6 Bc4 33.
Rc6 Bb5 34. Rxc7 Rd8 35. Ree7 g6 36. c4 Ba4 37. b3 Be8 38. Rxh7 g5 39. h5 Ra8
40. h6 a5 41. Rcg7+ 1-0

[Event "DSM WK M 2015"]
[Site "Karlsruhe GER"]
[Date "2015.05.09"]
[Round "6"]
[White "Hock, Anna-Maria"]
[Black "Syla, Albetina"]
[Result "0-1"]
[Termination "normal"]
[Board "3.3"]
[WhiteElo "1380"]
[BlackElo "1096"]
[WhiteTeam "Maria-Ward-Schule Aschaffenburg"]
[BlackTeam "Charlotte-Paulsen-Gymnasium Hamburg"]
[PlyCount "50"]
[WhiteFideId "12942880"]
[EventCountry "GER"]
[EventRounds "7"]
[EventType "team-swiss"]
[EventDate "2015.05.07"]

1. e4 e5 2. Nf3 Nc6 3. Bb5 a6 4. Ba4 Bc5 5. O-O Nf6 6. d3 d6 7. h3 Be6 8. Bg5
h6 9. Bh4 O-O 10. Nc3 Qd7 11. Bxf6 gxf6 12. Kh2 Kh8 13. Qd2 Kh7 14. Nh4 Rg8 15.
Ne2 Rg5 16. Ng3 Rag8 17. c3 Bxf2 18. Rxf2 Rxg3 19. Rxf6 R3g5 20. Rg1 Qe7 21.
Rf2 Bxh3 22. Bd1 Bg4 23. Bxg4 Rxg4 24. Nf5 Rh4+ 25. Nxh4 Qxh4# 0-1

[Event "DSM WK M 2015"]
[Site "Karlsruhe GER"]
[Date "2015.05.09"]
[Round "6"]
[White "Schwarz, Merle"]
[Black "Gentil, Verena"]
[Result "0-1"]
[Termination "normal"]
[Board "3.4"]
[WhiteElo "800"]
[BlackElo "935"]
[WhiteTeam "Charlotte-Paulsen-Gymnasium Hamburg"]
[BlackTeam "Maria-Ward-Schule Aschaffenburg"]
[PlyCount "42"]
[BlackFideId "12964611"]
[EventCountry "GER"]
[EventRounds "7"]
[EventType "team-swiss"]
[EventDate "2015.05.07"]

1. e4 e5 2. Nf3 Nc6 3. Bc4 Bc5 4. Nc3 Nf6 5. d3 h6 6. g4 Nxg4 7. Rg1 Bxf2+ 8.
Kf1 Bxg1 9. Bd2 Be3 10. Bd5 Bxd2 11. Qxd2 Qf6 12. Qe2 Nd4 13. Qd1 Ne3+ 14. Ke1
Nxd1 15. Kxd1 Qxf3+ 16. Kd2 Qf2+ 17. Ne2 Qxe2+ 18. Kc3 Qxc2+ 19. Kb4 a5+ 20.
Ka3 Qc5+ 21. Ka4 Qb4# 0-1

[Event "DSM WK M 2015"]
[Site "Karlsruhe GER"]
[Date "2015.05.09"]
[Round "6"]
[White "Caliebe, Nanke"]
[Black "Hofmann, Imke"]
[Result "1-0"]
[Termination "normal"]
[Board "4.1"]
[WhiteElo "1360"]
[BlackElo "1253"]
[WhiteTeam "Gymnasium Altenholz"]
[BlackTeam "Konrad-Duden-Schule Bad Hersfeld"]
[PlyCount "111"]
[WhiteFideId "12980528"]
[EventCountry "GER"]
[EventRounds "7"]
[EventType "team-swiss"]
[EventDate "2015.05.07"]

1. d4 d5 2. c4 e5 3. dxe5 Nc6 4. Nf3 d4 5. h3 h6 6. a3 Nge7 7. e3 dxe3 8. Qxd8+
Nxd8 9. Bxe3 Ng6 10. Bd3 Nc6 11. Bxg6 fxg6 12. Nc3 Be6 13. Nb5 O-O-O 14. b3 Kb8
15. O-O Be7 16. Nbd4 Nxd4 17. Nxd4 Bf7 18. f4 Bc5 19. Rfd1 Kc8 20. Nc2 Bxe3+
21. Nxe3 Rxd1+ 22. Rxd1 Rd8 23. Rxd8+ Kxd8 24. Kf2 c6 25. g4 h5 26. Kf3 Ke7 27.
Ke4 b5 28. Kd4 a5 29. Kc5 Kd7 30. Nc2 bxc4 31. bxc4 Be6 32. Ne3 Kc7 33. f5 gxf5
34. gxf5 Bf7 35. h4 Bg8 36. Nc2 Bf7 37. Nd4 Be8 38. Ne6+ Kd7 39. Nxg7 Bf7 40.
e6+ Bxe6 41. fxe6+ Ke7 42. Kxc6 a4 43. Kc7 Kf6 44. Kd7 Kxg7 45. e7 Kf6 46. e8=Q
Kf5 47. Qxh5+ Ke4 48. Qd5+ Kf4 49. Ke6 Kg4 50. Qf5+ Kxh4 51. Qg6 Kh3 52. Kf5
Kh2 53. Qg4 Kh1 54. Kf4 Kh2 55. Kf3 Kh1 56. Qg2# 1-0